000 00490nam a2200169 i 4500
001 141565
003 ES-MaACL
005 20250716063306.0
007 t|
008 070925s1934 fr ||||1| fre d
100 0 _aVoltaire,
_d1694-1778
_9115721
245 1 0 _aMemoires pour servir a la vie /
_cde M. de Voltaire ecrits par lui meme.
260 _aParis :
_b[s.n.],
_c1934 (
_fRenouard)
300 _a202 p. ;
_c19 cm.
852 _aES-MaACL
_jF-8179
999 _c141565
_d141565